Thời báo Kinh tế Sài Gòn Số 8 (1.210)
Nội dung số này trình bày: ý kiến, ghi nhận, trên đường phát triển, dinh doanh, thị trường, địa ốc, du lịch, quản lý đô thị, ký sự,.....
Wedi'i Gadw mewn:
| Fformat: | Llyfr |
|---|---|
| Iaith: | Vietnamese |
| Cyhoeddwyd: |
Tp. Hồ Chí Minh
Saigon times group
2014
|
| Pynciau: | |
| Tagiau: |
Ychwanegu Tag
Dim Tagiau, Byddwch y cyntaf i dagio'r cofnod hwn!
|
| Thư viện lưu trữ: | Thư viện Trường Đại học Nam Cần Thơ |
|---|
| LEADER | 00977nam a22002177a 4500 | ||
|---|---|---|---|
| 001 | NCT_131632 | ||
| 008 | 220310b xxu||||| |||| 00| 0 vie d | ||
| 999 | |c 6764 |d 6764 | ||
| 022 | |a 0868-3344 | ||
| 041 | 0 | |a vie | |
| 082 | 0 | 4 | |2 23rd ed. |a 330 |b Th462B |
| 245 | 0 | 0 | |a Thời báo Kinh tế Sài Gòn |n Số 8 (1.210) |c Sở Công thương Thành phố Hồ Chí Minh |
| 260 | |a Tp. Hồ Chí Minh |b Saigon times group |c 2014 | ||
| 300 | |c 29cm | ||
| 310 | |a 1 tháng 4 kỳ | ||
| 362 | |a 20/02/2014 | ||
| 520 | 3 | |a Nội dung số này trình bày: ý kiến, ghi nhận, trên đường phát triển, dinh doanh, thị trường, địa ốc, du lịch, quản lý đô thị, ký sự,..... | |
| 655 | |a Tạp chí | ||
| 942 | |2 ddc |c CR | ||
| 952 | |0 0 |1 0 |2 ddc |4 0 |6 330_000000000000000_TH462B |7 0 |9 24644 |a 000001 |b 000001 |d 2022-05-31 |o 330 Th462B |r 2022-05-31 |w 2022-05-31 |y CR | ||
| 980 | |a Thư viện Trường Đại học Nam Cần Thơ | ||